| 000 -LEADER |
| fixed length control field |
01328cam a2200349 i 4500 |
| 003 - CONTROL NUMBER IDENTIFIER |
| control field |
OSt |
| 005 - DATE AND TIME OF LATEST TRANSACTION |
| control field |
20200310130505.0 |
| 008 - FIXED-LENGTH DATA ELEMENTS--GENERAL INFORMATION |
| fixed length control field |
150415s2015 ii a b 001 0 eng d |
| 020 ## - INTERNATIONAL STANDARD BOOK NUMBER |
| International Standard Book Number |
9789383243075 |
| 020 ## - INTERNATIONAL STANDARD BOOK NUMBER |
| International Standard Book Number |
9383243074 |
| 040 ## - CATALOGING SOURCE |
| Original cataloging agency |
INU |
| Transcribing agency |
INU |
| Description conventions |
rda |
| Modifying agency |
DKAGE |
| -- |
DLC |
| 042 ## - AUTHENTICATION CODE |
| Authentication code |
lccopycat |
| -- |
lcode |
| 043 ## - GEOGRAPHIC AREA CODE |
| Geographic area code |
a-ii--- |
| 082 04 - DEWEY DECIMAL CLASSIFICATION NUMBER |
| Classification number |
294.3657 |
| Edition number |
23 |
| Item number |
ASH |
| 100 1# - MAIN ENTRY--PERSONAL NAME |
| Personal name |
Asher, Frederick M., |
| Relator term |
author. |
| 245 10 - TITLE STATEMENT |
| Title |
Nalanda : |
| Remainder of title |
situating the great monastery / |
| Statement of responsibility, etc |
Frederick M. Asher. |
| 300 ## - PHYSICAL DESCRIPTION |
| Extent |
140 pages : |
| Other physical details |
color illustrations ; |
| Dimensions |
31 cm. |
| 490 0# - SERIES STATEMENT |
| Series statement |
Marg's quarterly publications ; |
| Volume number/sequential designation |
volume 66, no. 3 |
| 504 ## - BIBLIOGRAPHY, ETC. NOTE |
| Bibliography, etc |
Includes bibliographical references (pages 137-138) and index. |
| 650 #0 - SUBJECT ADDED ENTRY--TOPICAL TERM |
| Topical term or geographic name as entry element |
Buddhist antiquities |
| Geographic subdivision |
India |
| -- |
Nālanda. |
| 650 #0 - SUBJECT ADDED ENTRY--TOPICAL TERM |
| Topical term or geographic name as entry element |
Buddhist monasteries |
| Geographic subdivision |
India. |
| 650 #0 - SUBJECT ADDED ENTRY--TOPICAL TERM |
| Topical term or geographic name as entry element |
Buddhist art |
| Geographic subdivision |
India |
| -- |
Nālandā. |
| 650 #0 - SUBJECT ADDED ENTRY--TOPICAL TERM |
| Topical term or geographic name as entry element |
Buddhist architecture |
| Geographic subdivision |
India |
| -- |
Nālandā. |
| 651 #0 - SUBJECT ADDED ENTRY--GEOGRAPHIC NAME |
| Geographic name |
Nālandā Mahāvihāra Site (India). |
| 651 #0 - SUBJECT ADDED ENTRY--GEOGRAPHIC NAME |
| Geographic name |
Nālandā (India) |
| General subdivision |
Antiquities. |
| 651 #0 - SUBJECT ADDED ENTRY--GEOGRAPHIC NAME |
| Geographic name |
India |
| General subdivision |
Religious life and customs. |
| 710 2# - ADDED ENTRY--CORPORATE NAME |
| Corporate name or jurisdiction name as entry element |
Marg Foundation (Mumbai, India) |
| 856 42 - ELECTRONIC LOCATION AND ACCESS |
| Materials specified |
Contributor biographical information |
| Uniform Resource Identifier |
<a href="http://www.loc.gov/catdir/enhancements/fy1511/2015306020-b.html">http://www.loc.gov/catdir/enhancements/fy1511/2015306020-b.html</a> |
| 906 ## - LOCAL DATA ELEMENT F, LDF (RLIN) |
| a |
7 |
| b |
cbc |
| c |
copycat |
| d |
3 |
| e |
ncip |
| f |
20 |
| g |
y-gencatlg |
| 942 ## - ADDED ENTRY ELEMENTS (KOHA) |
| Source of classification or shelving scheme |
|
| 955 ## - COPY-LEVEL INFORMATION (RLIN) |
| Copy status, CST (RLIN) |
wd46 2015-06-25 |
| Classification number, CCAL (RLIN) |
cg04 2016-05-25 to CALM |